000 00742nam a2200265 4500
001 2038
010 _a9789899221147
021 _aPT
_b535989/24
090 _a2038
100 _a20260130d2025 c||y0pory50030103ba
101 _apor
102 _aPT
200 _aA noite da estrela-cadente
_fAmy Hest
_gil. Jenni Desmond
_gtrad. Ana Mateus
205 _a1ª edição
210 _aLisboa
_cJacarandá
_d2025
215 _a[32] p.
_cil.
_d28 cm
300 _aBMB-Registado
304 _aTít. orig.: The night of the shooting star
606 _9863
_aLiteratura Infantil
675 _a087.5
_vBMB
_zpor
700 _aHest
_b Amy
_92920
701 _aDesmond
_bJenni
_4440
_92921
702 _aMateus
_bAna
_4730
_91816
801 _aPT
_bBMB
_gRPC
990 _cLIVROS